[Event "MCR mladeze 2019 - D12"]
[Site "Kouty nad Desnou"]
[Date "2019.03.09"]
[Round "1"]
[White "Spacilova, Klara"]
[Black "Hetfleischova, Elen"]
[Result "1-0"]
[WhiteElo "1061"]
[BlackElo "1544"]
[PlyCount "83"]
[EventDate "2019.??.??"]

1. e4 e5 2. Nf3 Nc6 3. Nc3 Nf6 4. Bb5 a6 5. Bxc6 bxc6 6. Nxe5 Qe7 7. d4 d6 8.
Nxc6 Qd7 9. d5 Bb7 10. Nd4 Be7 11. O-O O-O 12. Re1 Rfe8 13. Bf4 Rab8 14. b3 c6
15. dxc6 Bxc6 16. Nxc6 Qxc6 17. Nd5 Rbc8 18. c4 Nxd5 19. Qxd5 Qxd5 20. exd5 Bf6
21. Rxe8+ Rxe8 22. Rd1 Rd8 23. Re1 Kf8 24. g3 Be7 25. Kg2 Ke8 26. Bg5 Rd7 27.
Kf3 Kd8 28. Bxe7+ Rxe7 29. Rxe7 Kxe7 30. Ke3 Kd7 31. Kd3 Kc7 32. Kc3 Kb6 33.
Kb4 a5+ 34. Kc3 Kc5 35. a3 f6 36. b4+ axb4+ 37. axb4+ Kb6 38. Kd4 Kc7 39. c5
dxc5+ 40. bxc5 Kd7 41. Kc4 Kc7 42. Kb5 1-0

[Event "MCR mladeze 2019 - D12"]
[Site "Kouty nad Desnou"]
[Date "2019.03.09"]
[Round "1"]
[White "Dudkova, Josefina"]
[Black "Stribna, Julie"]
[Result "1-0"]
[WhiteElo "1393"]
[BlackElo "1034"]
[PlyCount "95"]
[EventDate "2019.??.??"]

1. e4 e5 2. Nc3 Nf6 3. Bc4 Bc5 4. d3 Nc6 5. Bg5 O-O 6. Nd5 Be7 7. Bd2 d6 8.
Nxf6+ Bxf6 9. h3 Bd7 10. Ne2 h6 11. O-O Qe7 12. f4 exf4 13. Nxf4 Bd4+ 14. Kh1
Qh4 15. Qe1 Qxe1 16. Raxe1 Bxb2 17. Rb1 Bf6 18. Rxb7 Rac8 19. Ng6 Rfe8 20. Nf4
Kh7 21. Bxf7 Re7 22. Bd5 a6 23. Bxc6 Bxc6 24. Rb3 Ba4 25. Ra3 Bb5 26. Nd5 Rf7
27. Nxf6+ Rxf6 28. Rxf6 gxf6 29. c4 Bd7 30. Rxa6 Be6 31. Ra7 Kg6 32. a4 c5 33.
a5 Rb8 34. Re7 Bc8 35. Re8 Rb1+ 36. Kh2 Bb7 37. Rd8 Rd1 38. Bf4 Rxd3 39. Rxd6
Bxe4 40. Be5 Ra3 41. Bxf6 Kh7 42. a6 Ra2 43. Kg3 Rxg2+ 44. Kf4 Ba8 45. Rd8 Bc6
46. Rc8 Bd7 47. Rc7 Rd2 48. a7 1-0

[Event "MCR mladeze 2019 - D12"]
[Site "Kouty nad Desnou"]
[Date "2019.03.09"]
[Round "1"]
[White "Myskova, Veronika"]
[Black "Martinkova, Magdalena"]
[Result "0-1"]
[WhiteElo "1032"]
[BlackElo "1387"]
[PlyCount "62"]
[EventDate "2019.??.??"]

1. e4 e5 2. Nf3 Nc6 3. Bc4 Nf6 4. Ng5 d5 5. exd5 Na5 6. Bb3 Nxb3 7. cxb3 h6 8.
Nf3 e4 9. Qe2 Be7 10. Nd4 Qxd5 11. Nb5 Qc5 12. N1c3 a6 13. Nd4 Qxd4 14. O-O Bg4
15. Qe1 O-O-O 16. d3 Bb4 17. Be3 Qxd3 18. Qc1 Bxc3 19. bxc3 Rd5 20. Qa3 Rhd8
21. Qc1 Qd1 22. f3 Qxc1 23. Raxc1 exf3 24. gxf3 Bh3 25. Rfe1 Rd3 26. Bc5 Rxf3
27. Bf2 Rd2 28. Bh4 g5 29. Bg3 h5 30. Kh1 h4 31. Be5 Rff2 0-1

[Event "MCR mladeze 2019 - D12"]
[Site "Kouty nad Desnou"]
[Date "2019.03.09"]
[Round "1"]
[White "Havelkova, Beata"]
[Black "Coufalova, Laura"]
[Result "1-0"]
[WhiteElo "1359"]
[BlackElo "1015"]
[PlyCount "99"]
[EventDate "2019.??.??"]

1. e4 e5 2. Nf3 Nc6 3. Bb5 d6 4. d4 Bd7 5. c3 Nf6 6. Nbd2 g6 7. O-O Bg7 8. Re1
O-O 9. Bxc6 Bxc6 10. dxe5 dxe5 11. Nxe5 Bxe4 12. Nxe4 Nxe4 13. Bf4 Qxd1 14.
Raxd1 Nd6 15. Nf3 Rad8 16. Re7 Nf5 17. Red7 Rxd7 18. Rxd7 Rc8 19. Bxc7 Bf6 20.
Be5 Kg7 21. Bxf6+ Kxf6 22. Rxb7 Rd8 23. Kf1 a6 24. Rb6+ Rd6 25. Rxd6+ Nxd6 26.
Ke2 Ke6 27. Ng5+ Kf5 28. Nxh7 Nc4 29. b3 Na3 30. Kd3 Ke5 31. c4 Nb1 32. Kc2
Na3+ 33. Kb2 Nxc4+ 34. bxc4 Kd4 35. Kb3 Kc5 36. Ng5 f5 37. h4 a5 38. a4 Kc6 39.
g3 Kc5 40. Kc3 Kc6 41. Kd4 Kd6 42. c5+ Kc6 43. Kc4 Kc7 44. Kb5 Kb7 45. c6+ Kc7
46. Kc5 Kc8 47. Kb6 f4 48. c7 f3 49. g4 Kd7 50. Kb7 1-0

[Event "MCR mladeze 2019 - D14"]
[Site "Kouty nad Desnou"]
[Date "2019.03.09"]
[Round "1"]
[White "Nespora, Tatana"]
[Black "Lhotska, Anna"]
[Result "1/2-1/2"]
[WhiteElo "1319"]
[BlackElo "1845"]
[PlyCount "85"]
[EventDate "2019.??.??"]

1. e4 c5 2. Nf3 Nc6 3. d4 cxd4 4. Nxd4 Nf6 5. Nc3 d6 6. Be3 a6 7. Qd2 Bd7 8.
Be2 b5 9. O-O b4 10. Nd5 Nxe4 11. Qd3 Nc5 12. Qd2 Nxd4 13. Bxd4 a5 14. Bf3 Rb8
15. Rfe1 e6 16. Nf4 Be7 17. Bxg7 Rg8 18. Nh5 e5 19. Qh6 Bf5 20. Bc6+ Nd7 21.
Bxd7+ Qxd7 22. Rad1 Qc7 23. Nf6+ Bxf6 24. Qxf6 Be6 25. Qh6 Bf5 26. Rxd6 Rxg7
27. Rc6 Rg6 28. Qxg6 hxg6 29. Rxc7 Rb5 30. c4 bxc3 31. Rxc3 Rxb2 32. Rxe5+ Be6
33. h3 Rxa2 34. Rc8+ Ke7 35. Ra8 a4 36. Re4 a3 37. Re3 Ra1+ 38. Kh2 a2 39. Rea3
Rb1 40. R8a7+ Kf6 41. Rxa2 Bxa2 42. Rxa2 Kg5 43. Ra3 1/2-1/2

[Event "MCR mladeze 2019 - D14"]
[Site "Kouty nad Desnou"]
[Date "2019.03.09"]
[Round "1"]
[White "Stastna, Martina"]
[Black "Sulcova, Tereza Radmila"]
[Result "1-0"]
[WhiteElo "1660"]
[BlackElo "1268"]
[PlyCount "93"]
[EventDate "2019.??.??"]

1. e4 e6 2. d4 d5 3. Nd2 Nf6 4. e5 Nfd7 5. Bd3 c5 6. c3 Qb6 7. Ne2 Nc6 8. Nf3
Be7 9. O-O O-O 10. a3 cxd4 11. cxd4 f6 12. exf6 Bxf6 13. Bc2 Rd8 14. Qd3 g6 15.
Be3 Qc7 16. Nf4 Nb6 17. Bb3 Qd6 18. Ba2 Bd7 19. g3 Na5 20. Bd2 Nac4 21. Bb4 Qb8
22. Nxg6 hxg6 23. Qxg6+ Bg7 24. Be7 Be8 25. Qxe6+ Bf7 26. Qg4 Rd7 27. Bf6 Qf8
28. Bb1 Bh5 29. Qxh5 Qxf6 30. b3 Na5 31. Ne5 Rd6 32. Bh7+ Kf8 33. Ng6+ Ke8 34.
Rfe1+ Kd8 35. Nf4 Kc8 36. Qg4+ Kb8 37. Re8+ Kc7 38. Rc1+ Rc6 39. Rxc6+ Nxc6 40.
Ne6+ Kd6 41. Nxg7 Nxd4 42. Rxa8 Nf3+ 43. Kg2 Ne1+ 44. Kf1 Nf3 45. Ne8+ Ke7 46.
Qb4+ Kf7 47. Nxf6 1-0

[Event "MCR mladeze 2019 - D14"]
[Site "Kouty nad Desnou"]
[Date "2019.03.09"]
[Round "1"]
[White "Zilava, Anezka"]
[Black "Voriskova, Anna"]
[Result "0-1"]
[WhiteElo "1267"]
[BlackElo "1603"]
[PlyCount "48"]
[EventDate "2019.??.??"]

1. e4 c5 2. Nf3 Nc6 3. Bc4 e6 4. Nc3 a6 5. a4 Nf6 6. d3 d5 7. exd5 exd5 8. Qe2+
Be7 9. Ba2 O-O 10. O-O Re8 11. Bg5 Bg4 12. h3 Nd4 13. Qd1 Nxf3+ 14. gxf3 Bxh3
15. Re1 d4 16. Bxf6 Bxf6 17. Ne4 Be5 18. f4 Bxf4 19. Bxf7+ Kxf7 20. Qh5+ Kg8
21. Qxh3 Qc8 22. Qf3 Rf8 23. Qh5 Rf5 24. Qg4 Rg5 0-1

[Event "MCR mladeze 2019 - D14"]
[Site "Kouty nad Desnou"]
[Date "2019.03.09"]
[Round "1"]
[White "Trasakova, Adela"]
[Black "Jirotova, Eliska"]
[Result "1-0"]
[WhiteElo "1579"]
[BlackElo "1250"]
[PlyCount "59"]
[EventDate "2019.??.??"]

1. d4 d5 2. Bf4 Nf6 3. e3 Bf5 4. c4 dxc4 5. Bxc4 e6 6. Nc3 c6 7. Nf3 Be7 8. h3
O-O 9. O-O Nbd7 10. a3 Rc8 11. b4 b6 12. Ba6 c5 13. Bxc8 Qxc8 14. Qb3 Rd8 15.
Rfd1 Nf8 16. Rac1 Ng6 17. Bh2 Bd6 18. Bxd6 Rxd6 19. Nb5 Rd7 20. dxc5 bxc5 21.
Rxc5 Qb8 22. Rdc1 Rd8 23. Nfd4 Be4 24. Nc3 Qb7 25. Nxe4 Nxe4 26. Rc7 Qa8 27.
Qc2 Nd6 28. Nc6 Nb5 29. Nxd8 Nxc7 30. Qxc7 1-0

[Event "MCR mladeze 2019 - D14"]
[Site "Kouty nad Desnou"]
[Date "2019.03.09"]
[Round "1"]
[White "Holaskova, Marketa"]
[Black "Fizerova, Lucie"]
[Result "0-1"]
[WhiteElo "1184"]
[BlackElo "1537"]
[PlyCount "52"]
[EventDate "2019.??.??"]

1. e4 c5 2. Nf3 d6 3. d3 Nf6 4. Nc3 e6 5. Be2 Be7 6. O-O O-O 7. Be3 Nc6 8. d4
cxd4 9. Bxd4 e5 10. Be3 Ng4 11. Nd5 Nxe3 12. Nxe3 f5 13. Bc4+ Kh8 14. exf5 Bxf5
15. Nxf5 Rxf5 16. Qd3 Qf8 17. Bd5 Nb4 18. Qc4 Nxd5 19. Qxd5 b6 20. Qe4 Rf4 21.
Qd3 e4 22. Qd5 exf3 23. gxf3 Rc8 24. c3 Rc5 25. Qd2 Rg5+ 26. Kh1 Rxf3 0-1

[Event "MCR mladeze 2019 - D14"]
[Site "Kouty nad Desnou"]
[Date "2019.03.09"]
[Round "1"]
[White "Strnadova, Monika"]
[Black "Hosova, Sandra"]
[Result "1-0"]
[WhiteElo "1521"]
[BlackElo "1148"]
[PlyCount "51"]
[EventDate "2019.??.??"]

1. d4 d5 2. Nf3 Bf5 3. Bf4 Nf6 4. e3 e6 5. c3 c6 6. Qb3 b6 7. Ne5 Bd6 8. Nd2
Bxe5 9. Bxe5 O-O 10. h3 c5 11. dxc5 bxc5 12. Bxf6 Qxf6 13. Qb7 Nc6 14. Qxc6
Rfc8 15. Qa4 c4 16. Nf3 Rcb8 17. Qa3 e5 18. Rd1 Be4 19. h4 Bxf3 20. gxf3 Qxf3
21. Rg1 Rb6 22. Bg2 Qh5 23. Bxd5 Rab8 24. Rg5 Qxh4 25. Qe7 Rf6 26. Qxf6 1-0

[Event "MCR mladeze 2019 - D14"]
[Site "Kouty nad Desnou"]
[Date "2019.03.09"]
[Round "1"]
[White "Pluharova, Asja"]
[Black "Dudova, Pavlina"]
[Result "0-1"]
[WhiteElo "1143"]
[BlackElo "1505"]
[PlyCount "114"]
[EventDate "2019.??.??"]

1. e4 e5 2. Nf3 Nc6 3. d4 exd4 4. Nxd4 Nf6 5. Nc3 Bb4 6. Nxc6 bxc6 7. Bd2 O-O
8. Bd3 d5 9. exd5 cxd5 10. O-O Be6 11. a3 Be7 12. Ne2 c5 13. b3 c4 14. bxc4
dxc4 15. Bxc4 Bxc4 16. Re1 Ne4 17. Be3 Qxd1 18. Raxd1 Bxe2 19. Rd7 Bxa3 20.
Rxe2 Bc5 21. Bxc5 Nxc5 22. Rc7 Ne6 23. Rd7 Rfd8 24. Rxd8+ Rxd8 25. Re1 a5 26.
h3 a4 27. Ra1 Ra8 28. Kf1 Nd4 29. c3 Nb5 30. c4 Nd4 31. g3 a3 32. Ra2 Nb3 33.
Ke1 Nc1 34. Ra1 a2 35. Rxc1 a1=Q 36. Rxa1 Rxa1+ 37. Kd2 Kf8 38. Kc3 Ke7 39. Kb4
Kd6 40. f4 Rb1+ 41. Kc3 Kc5 42. Kd3 Rb3+ 43. Ke4 Rxg3 44. h4 Rh3 45. f5 f6 46.
h5 Kxc4 47. h6 Rh4+ 48. Kf3 gxh6 49. Kg3 Rd4 50. Kh3 Kd5 51. Kg3 Ke5 52. Kh3
Kxf5 53. Kg2 Rd3 54. Kf2 Kf4 55. Kg1 Rd2 56. Kh1 Kg3 57. Kg1 Rd1# 0-1

[Event "MCR mladeze 2019 - D14"]
[Site "Kouty nad Desnou"]
[Date "2019.03.09"]
[Round "1"]
[White "Pejrimovska, Viola Ruby"]
[Black "Glasbergerova, Lucie"]
[Result "1-0"]
[WhiteElo "1486"]
[BlackElo "1138"]
[PlyCount "23"]
[EventDate "2019.??.??"]

1. e4 e5 2. Nf3 Nc6 3. Nc3 Bc5 4. d4 exd4 5. Nd5 d6 6. Bc4 f5 7. exf5 Bxf5 8.
O-O Qd7 9. Re1+ Nge7 10. Bg5 Be6 11. Rxe6 Qxe6 12. Nxc7+ 1-0

[Event "MCR mladeze 2019 - D14"]
[Site "Kouty nad Desnou"]
[Date "2019.03.09"]
[Round "1"]
[White "Stastna, Alena"]
[Black "Markova, Karolina"]
[Result "0-1"]
[WhiteElo "1126"]
[BlackElo "1474"]
[PlyCount "88"]
[EventDate "2019.??.??"]

1. e4 c5 2. Nf3 Nc6 3. d4 cxd4 4. Nxd4 g6 5. Nc3 Bg7 6. Be3 Nf6 7. Be2 O-O 8.
O-O d5 9. f3 a6 10. a4 e5 11. Nb3 d4 12. Bd2 dxc3 13. Bxc3 Qb6+ 14. Kh1 Be6 15.
Nd2 Rfd8 16. a5 Qc7 17. Qe1 Nd4 18. Bd3 Rac8 19. Qe3 Nd7 20. f4 exf4 21. Rxf4
Nc5 22. Nf3 Nxf3 23. Bxg7 Kxg7 24. Rxf3 Nxd3 25. cxd3 Qc2 26. h4 h5 27. d4 Qxb2
28. Rd1 Bg4 29. Rf2 Qxf2 30. Qxf2 Bxd1 31. d5 Bg4 32. Qb2+ Kg8 33. Qxb7 Be2 34.
e5 Bb5 35. Kh2 Bc4 36. d6 Ra8 37. Kg3 Be6 38. Kf4 Rdb8 39. Qe7 Rb4+ 40. Kg5 Kg7
41. Qf6+ Kh7 42. Qe7 Rg4+ 43. Kf6 Rf4+ 44. Kg5 Rf5# 0-1

[Event "MCR mladeze 2019 - D14"]
[Site "Kouty nad Desnou"]
[Date "2019.03.09"]
[Round "1"]
[White "Semova, Lada"]
[Black "Vlachynska, Lilian"]
[Result "1-0"]
[WhiteElo "1441"]
[BlackElo "1108"]
[PlyCount "117"]
[EventDate "2019.??.??"]

1. e4 e5 2. Nf3 Nc6 3. Bc4 Nf6 4. Nc3 Nxe4 5. Bxf7+ Kxf7 6. Nxe4 d5 7. Nc3 Bc5
8. d3 Rf8 9. Ng5+ Kg8 10. O-O h6 11. Nf3 Bg4 12. Kh1 Bxf3 13. gxf3 d4 14. Ne4
Bd6 15. Rg1 Qh4 16. Rg4 Qh5 17. Kg2 Rae8 18. Ng3 Qf7 19. Bxh6 Kh8 20. Bxg7+ Kh7
21. Qd2 Qxf3+ 22. Kh3 Re6 23. Bxf8 Qxf8 24. Rg1 Rh6+ 25. Kg2 Ne7 26. Qg5 Qf7
27. Ne4 Ng8 28. Kf1 Ne7 29. Qxh6+ Kxh6 30. Rh4+ Qh5 31. Rxh5+ Kxh5 32. Rg7 Nc6
33. Nxd6 cxd6 34. Rxb7 Kh4 35. a3 Kh3 36. Rh7+ Kg4 37. h3+ Kg5 38. h4+ Kg6 39.
Rc7 Nd8 40. Rxa7 Kh5 41. Rd7 Ne6 42. Rxd6 Nc5 43. Rd5 Na4 44. b4 Kxh4 45. b5
Kg5 46. Rxe5+ Kf6 47. Re4 Nb6 48. Rxd4 Ke6 49. c4 Ke5 50. c5 Nd5 51. Rxd5+ Kxd5
52. b6 Kc6 53. f4 Kd7 54. b7 Kc7 55. c6 Kb8 56. f5 Kc7 57. f6 Kb8 58. f7 Kc7
59. f8=Q 1-0

[Event "MCR mladeze 2019 - D14"]
[Site "Kouty nad Desnou"]
[Date "2019.03.09"]
[Round "1"]
[White "Stavova, Helena"]
[Black "Habinova, Alice"]
[Result "0-1"]
[WhiteElo "1068"]
[BlackElo "1409"]
[PlyCount "80"]
[EventDate "2019.??.??"]

1. e4 e5 2. Nf3 Nc6 3. d4 exd4 4. Nxd4 Bc5 5. Be3 Qf6 6. c3 Nge7 7. Be2 Ng6 8.
O-O O-O 9. f4 d6 10. Qd3 Bd7 11. Nd2 Rfe8 12. N2b3 Bb6 13. Bd2 Re7 14. Qe3 Rae8
15. Bf3 Nh4 16. Rae1 Qg6 17. f5 Qf6 18. Kh1 Nxf5 19. Qd3 Nfxd4 20. cxd4 Nxd4
21. Bc3 Bb5 22. Qxb5 Nxb5 23. Bxf6 gxf6 24. Re2 f5 25. Rfe1 Nd4 26. Nxd4 Bxd4
27. h3 fxe4 28. Bxe4 Kg7 29. b3 b5 30. Kh2 Bc3 31. Rc1 b4 32. Rf1 Rxe4 33. Ref2
R8e7 34. Rf5 Re2 35. Ra5 Rc2 36. a4 bxa3 37. Rxa3 Ree2 38. Rf3 Rxg2+ 39. Kh1
Bd4 40. Rf1 Rh2# 0-1

[Event "MCR mladeze 2019 - D14"]
[Site "Kouty nad Desnou"]
[Date "2019.03.09"]
[Round "1"]
[White "Smajzrova, Dominika"]
[Black "Merinska, Julie"]
[Result "1-0"]
[WhiteElo "1400"]
[BlackElo "1044"]
[PlyCount "61"]
[EventDate "2019.??.??"]

1. e4 e5 2. Nf3 Nc6 3. Bb5 Nf6 4. Nc3 Bd6 5. O-O b6 6. d3 h6 7. Re1 O-O 8. Be3
Bb7 9. d4 exd4 10. Bxd4 Re8 11. h3 Ne5 12. Nxe5 Bxe5 13. Bxe5 Rxe5 14. Qd4 Qe7
15. f4 c5 16. Qxe5 Qf8 17. Rad1 Rd8 18. Nd5 d6 19. Nxf6+ gxf6 20. Qxf6 a6 21.
Bc4 Rd7 22. e5 d5 23. Bb3 c4 24. Bxc4 Qc5+ 25. Kh1 Qxc4 26. e6 fxe6 27. Qxe6+
Rf7 28. Qg6+ Kf8 29. Qxh6+ Kg8 30. Re8+ Rf8 31. Rxf8# 1-0

[Event "MCR mladeze 2019 - D16"]
[Site "Kouty nad Desnou"]
[Date "2019.03.09"]
[Round "1"]
[White "Laurincova, Kristyna"]
[Black "Otahalova, Nela"]
[Result "1-0"]
[WhiteElo "2108"]
[BlackElo "1343"]
[PlyCount "67"]
[EventDate "2019.??.??"]

1. e4 e5 2. Nf3 Nf6 3. Nc3 Bb4 4. a3 Bxc3 5. dxc3 Nc6 6. Bc4 d6 7. O-O Be6 8.
Bd5 h6 9. Re1 O-O 10. Nh4 Nxd5 11. exd5 Qxh4 12. dxc6 bxc6 13. Qf3 Bd5 14. Qf5
Be6 15. Qd3 f5 16. b3 Qf6 17. Qa6 c5 18. Qc6 Qf7 19. c4 e4 20. Bd2 a5 21. b4
Ra7 22. bxc5 Bd7 23. Qd5 Be6 24. Qd4 dxc5 25. Qxc5 Rfa8 26. Re3 Bxc4 27. Rg3 g5
28. Bxg5 hxg5 29. Rxg5+ Kh8 30. Rxf5 Qe6 31. Rh5+ Kg8 32. Qg5+ Kf8 33. Qf4+ Qf7
34. Rf5 1-0

[Event "MCR mladeze 2019 - D16"]
[Site "Kouty nad Desnou"]
[Date "2019.03.09"]
[Round "1"]
[White "Vsetulova, Viktorie"]
[Black "Dvorakova, Olga"]
[Result "0-1"]
[WhiteElo "1306"]
[BlackElo "1715"]
[PlyCount "102"]
[EventDate "2019.??.??"]

1. e4 c5 2. d4 cxd4 3. c3 dxc3 4. Nxc3 Nc6 5. Bc4 d6 6. Nf3 Nf6 7. O-O e6 8.
Qe2 Be7 9. Rd1 O-O 10. e5 Ne8 11. Bd3 Qa5 12. Qe4 f5 13. exf6 Nxf6 14. Qh4 Qh5
15. Qa4 Ng4 16. h3 Nge5 17. Be2 Qg6 18. Nxe5 Nxe5 19. Be3 a6 20. Ne4 Bd7 21.
Qd4 Bc6 22. Ng3 Rad8 23. h4 Nd7 24. Qc4 d5 25. Qd4 e5 26. Qd2 Bxh4 27. Qe1 Bxg3
28. fxg3 d4 29. Bd2 Qe4 30. Bf3 Qxe1+ 31. Rxe1 Bxf3 32. gxf3 Rxf3 33. Kg2 Rdf8
34. Rad1 Rf2+ 35. Kg1 R8f5 36. b4 Kf7 37. a4 Ke6 38. a5 Kd5 39. g4 Rf8 40. g5
R2f3 41. Rb1 Rd3 42. Red1 e4 43. Be1 Rxd1 44. Rxd1 Ne5 45. Kg2 Nc4 46. Bf2 e3
47. Be1 e2 48. Rd3 Rf1 49. Bg3 Ne3+ 50. Kh2 e1=Q 51. Bxe1 Rxe1 0-1

[Event "MCR mladeze 2019 - D16"]
[Site "Kouty nad Desnou"]
[Date "2019.03.09"]
[Round "1"]
[White "Gregurkova, Nikola"]
[Black "Saskova, Renata"]
[Result "1-0"]
[WhiteElo "1687"]
[BlackElo "1284"]
[PlyCount "43"]
[EventDate "2019.??.??"]

1. e4 c5 2. Nf3 d6 3. d4 cxd4 4. Nxd4 Nf6 5. Nc3 e6 6. Be3 Be7 7. Be2 O-O 8.
Qd2 a6 9. f3 Nc6 10. O-O-O Bd7 11. g4 Ne8 12. Rdg1 b5 13. g5 b4 14. Nd1 a5 15.
h4 g6 16. h5 e5 17. Nxc6 Bxc6 18. hxg6 fxg6 19. Bc4+ Kg7 20. Rxh7+ Kxh7 21.
Qh2+ Kg7 22. Qh6# 1-0

[Event "MCR mladeze 2019 - D16"]
[Site "Kouty nad Desnou"]
[Date "2019.03.09"]
[Round "1"]
[White "Jankovska, Hana"]
[Black "Otrubova, Kristyna"]
[Result "0-1"]
[WhiteElo "1164"]
[BlackElo "1680"]
[PlyCount "74"]
[EventDate "2019.??.??"]

1. e4 c5 2. Nc3 d6 3. f4 e6 4. Nf3 Nf6 5. d3 Nc6 6. g3 Be7 7. Bg2 a6 8. O-O O-O
9. h3 Qc7 10. b3 b5 11. e5 dxe5 12. Nxe5 Bb7 13. Qf3 Rac8 14. Bb2 Na5 15. Qf2
c4 16. d4 b4 17. Ne2 c3 18. Bc1 Nc6 19. a3 a5 20. Bxc6 Bxc6 21. Be3 Ne4 22. Qe1
Ba8 23. axb4 axb4 24. d5 Bc5 25. Nd4 Bxd5 26. Kh2 f6 27. Nd3 Bb6 28. Nxb4 Bxd4
29. Bxd4 Qb7 30. Na2 Nd2 31. Rf2 Nf3+ 32. Rxf3 Bxf3 33. Qxe6+ Kh8 34. Nxc3 Rfe8
35. Qf5 Rxc3 36. Bxc3 Re2+ 37. Kg1 Qb6+ 0-1

[Event "MCR mladeze 2019 - D16"]
[Site "Kouty nad Desnou"]
[Date "2019.03.09"]
[Round "1"]
[White "Rolinkova, Lucie"]
[Black "Souckova, Viktorie"]
[Result "1-0"]
[BlackElo "1159"]
[WhiteElo "1639"]
[LiveChessVersion "1.4.8"]
[PlyCount "89"]

1. d4 d5 2. Bf4 e6 3. Nf3 Bb4+ 4. c3 Bd6 5. Bg3 Nf6 6. Nbd2 Bxg3 7. hxg3 Nc6 8.
e3 Qe7 9. Bd3 Bd7 10. Ne5 h6 11. Ndf3 Ne4 12. Qc2 Ng5 13. Nxc6 Nxf3+ 14. gxf3
Bxc6 15. f4 a6 16. a4 f5 17. Kd2 a5 18. Rag1 Qd7 19. b3 b5 20. axb5 Bxb5 21.
Bxb5 Qxb5 22. g4 a4 23. bxa4 Qxa4 24. Qxa4+ Rxa4 25. gxf5 Ra2+ 26. Kd3 Rh7 27.
fxe6 Ke7 28. Rg6 h5 29. e4 dxe4+ 30. Kxe4 h4 31. Rh3 Re2+ 32. Kf5 Rxf2 33. Rg4
Re2 34. Kg6 Rh6+ 35. Kxg7 Rexe6 36. f5 Ref6 37. Rg6 Rfxg6+ 38. fxg6 Rh5 39.
Re3+ Kd6 40. Rh3 Ke7 41. Re3+ Kd6 42. Kf6 Rh6 43. Kg5 Rh8 44. g7 Rg8 45. Kf6
1-0

[Event "MCR mladeze 2019 - D16"]
[Site "Kouty nad Desnou"]
[Date "2019.03.09"]
[Round "1"]
[White "Tutkova, Ludmila"]
[Black "Vavrinkova, Anna"]
[Result "0-1"]
[BlackElo "1543"]
[WhiteElo "1133"]
[LiveChessVersion "1.4.8"]
[PlyCount "116"]

1. e4 c5 2. Nc3 Nc6 3. Nf3 g6 4. Bc4 Bg7 5. O-O Nf6 6. Re1 O-O 7. d3 d6 8. h3
Bd7 9. Be3 Na5 10. e5 Nxc4 11. dxc4 dxe5 12. Bxc5 Re8 13. Nxe5 Qc7 14. Bd4 Be6
15. Qe2 a6 16. b3 Rad8 17. Rad1 Bh8 18. Ne4 Nxe4 19. Qxe4 Bf5 20. Qf3 Rxd4 21.
Nxf7 Rf4 22. Nh6+ Kf8 23. Qd5 e6 24. Qd6+ Qxd6 25. Rxd6 e5 26. Nxf5 gxf5 27.
Rd7 Re7 28. Rd5 Kf7 29. Red1 Re4 30. a4 Bg7 31. Rc5 Re2 32. c3 Rc2 33. Rd3 Bh6
34. Rcd5 Bf4 35. b4 Rc1+ 36. Rd1 Rxc3 37. Rc5 Ra3 38. g3 Bh6 39. a5 Ra4 40. Rb1
Bd2 41. b5 Rxa5 42. bxa6 Rxa6 43. f4 Be3+ 44. Kg2 Bxc5 45. fxe5 b6 46. g4 f4
47. Rf1 Be3 48. h4 Rxe5 49. g5 Rc5 50. h5 Rxc4 51. g6+ hxg6 52. h6 Ra8 53. Rh1
Rh8 54. h7 g5 55. Kf3 b5 56. Kg4 Kg6 57. Ra1 Rc6 58. Ra5 Rb6 0-1

[Event "MCR mladeze 2019 - D16"]
[Site "Kouty nad Desnou"]
[Date "2019.03.09"]
[Round "1"]
[White "Leksova, Sona"]
[Black "Markova, Katerina"]
[Result "1-0"]
[BlackElo "1097"]
[WhiteElo "1432"]
[LiveChessVersion "1.4.8"]
[PlyCount "101"]

1. e4  c5 2. Nf3 Nc6 3. Bb5 g6 4. Bxc6 bxc6 5. O-O Bg7
6. c3 Nf6 7. Re1 O-O 8. d4 cxd4 9. cxd4 Rb8 10. Nc3 Ba6 11. h3 Qc7 12. e5 Nd5
13. Nxd5 cxd5 14. b3 Rbc8 15. Ba3 d6 16. exd6 exd6 17. Rc1 Qa5 18. Bxd6 Rfe8
19. Rxe8+ Rxe8 20. a4 Be2 21. Qe1 Qb6 22. Rc2 Qxd6 23. Rxe2 Rxe2 24. Qxe2 Qb4
25. Qe8+ Qf8 26. Qxf8+ Kxf8 27. Kf1 Ke7 28. Ke2 a5 29. Kd3 h6 30. Ne1 Kd7 31.
Nc2 Kc6 32. Ke3 Bf6 33. g3 Bg5+ 34. f4 Bf6 35. Kf3 Bg7 36. Kg4 h5+ 37. Kg5 Kd6
38. f5 gxf5 39. Kxf5 h4 40. g4 Ke7 41. g5 f6 42. g6 Kd6 43. b4 axb4 44. Nxb4
Bh8 45. a5 Kc7 46. Nxd5+ Kb7 47. Nxf6 Bg7 48. d5 Bf8 49. Nh5 Bb4 50. g7 Bxa5
51. g8=Q 1-0

[Event "MCR mladeze 2019 - H10"]
[Site "Kouty nad Desnou"]
[Date "2019.03.09"]
[Round "1"]
[White "Finek, Vaclav"]
[Black "Letal, Jonas"]
[Result "1-0"]
[WhiteElo "1903"]
[BlackElo "1122"]
[PlyCount "121"]
[EventDate "2019.??.??"]

1. d4 d5 2. c4 c6 3. Nf3 Nf6 4. e3 Nbd7 5. Bd3 e6 6. O-O Be7 7. b3 O-O 8. Nbd2
b6 9. Bb2 Bb7 10. Qe2 Rc8 11. Rfd1 Qc7 12. Rac1 Rfe8 13. Ne5 Bd6 14. f4 c5 15.
Bb1 cxd4 16. exd4 Ba6 17. Qf2 Qb7 18. Kh1 Rc7 19. Qh4 Rec8 20. f5 Nb8 21. fxe6
fxe6 22. Qh3 Nc6 23. Qxe6+ Kh8 24. Qxd6 Nxe5 25. Qxe5 Ng4 26. Qf5 Nf6 27. cxd5
Rxc1 28. Rxc1 Rxc1+ 29. Bxc1 Qc7 30. Bb2 Bb7 31. Qf2 Bxd5 32. h3 Qc6 33. Bd3 h6
34. Nc4 b5 35. Ne5 Qb7 36. Ng6+ Kg8 37. Nf4 Bc6 38. Qe2 Qd7 39. Qe6+ Kf8 40.
Qxd7 Nxd7 41. d5 Bb7 42. Bxb5 Nf6 43. d6 Bc8 44. Bxf6 gxf6 45. d7 Bxd7 46. Bxd7
Ke7 47. Bf5 a5 48. a3 Kd6 49. Nd3 Kc6 50. b4 a4 51. Nb2 Kb5 52. Bd7+ Kb6 53.
Nxa4+ Kb7 54. Nc5+ Kb6 55. a4 h5 56. a5+ Ka7 57. b5 Kb8 58. b6 h4 59. a6 Ka8
60. a7 f5 61. Bc6# 1-0

[Event "MCR mladeze 2019 - H10"]
[Site "Kouty nad Desnou"]
[Date "2019.03.09"]
[Round "1"]
[White "Hobza, Richard"]
[Black "Juhanak, Daniel"]
[Result "0-1"]
[WhiteElo "1116"]
[BlackElo "1586"]
[PlyCount "182"]
[EventDate "2019.??.??"]

1. e4 e6 2. d4 d5 3. exd5 exd5 4. Nc3 c6 5. Nf3 Bd6 6. Bd3 Ne7 7. O-O O-O 8.
Be3 Bf5 9. Re1 h6 10. a3 a5 11. Qd2 Qc7 12. h3 Nd7 13. Qe2 Nf6 14. Bd2 Rfe8 15.
Bxf5 Nxf5 16. Qd3 Ne7 17. Re2 Ng6 18. Rae1 Bf4 19. Rxe8+ Rxe8 20. Rxe8+ Nxe8
21. Bxf4 Nxf4 22. Qe3 Nf6 23. Qe5 Qxe5 24. Nxe5 Ne4 25. Nxe4 dxe4 26. Kf1 a4
27. Nc4 Ne6 28. c3 b5 29. Nd6 Nf4 30. Nxe4 Nd3 31. Ke2 Nxb2 32. Nd2 Kf8 33. f4
Ke7 34. g4 g6 35. h4 Ke6 36. Ne4 Nc4 37. Nc5+ Ke7 38. Ne4 Nxa3 39. Nd2 Nc4 40.
Nxc4 bxc4 41. Kd2 Kd6 42. Kc2 a3 43. Kb1 c5 44. dxc5+ Kxc5 45. Ka2 Kb5 46. Kxa3
Ka5 47. f5 gxf5 48. gxf5 f6 49. h5 Kb5 50. Kb2 Kc5 51. Ka3 Kd6 52. Kb4 Ke5 53.
Kxc4 Kxf5 54. Kd4 Kg5 55. Ke4 Kg4 56. c4 f5+ 57. Ke3 Kg3 58. c5 f4+ 59. Ke4 f3
60. c6 f2 61. c7 f1=Q 62. c8=Q Qh1+ 63. Ke5 Qxh5+ 64. Kf6 Qg5+ 65. Kf7 Qf4+ 66.
Kg7 h5 67. Qc3+ Qf3 68. Qe5+ Kh3 69. Kh6 h4 70. Qe6+ Qg4 71. Qe3+ Qg3 72. Qe6+
Kg2 73. Qe4+ Kf2 74. Qc2+ Kf3 75. Qd3+ Kf4 76. Qd6+ Kg4 77. Qe6+ Kf3 78. Qd5+
Kf2 79. Qd2+ Kf1 80. Qc1+ Kg2 81. Qd2+ Qf2 82. Qg5+ Kh3 83. Kh7 Qc2+ 84. Kh6
Qc6+ 85. Kh7 Qe4+ 86. Kh6 Qe6+ 87. Kh7 Qd7+ 88. Kh6 Qd3 89. Kh5 Qh7+ 90. Qh6
Qxh6+ 91. Kxh6 Kg4 0-1

[Event "MCR mladeze 2019 - H10"]
[Site "Kouty nad Desnou"]
[Date "2019.03.09"]
[Round "1"]
[White "Setina, Vaclav"]
[Black "Zrubek, Dan"]
[Result "1-0"]
[WhiteElo "1388"]
[BlackElo "1115"]
[PlyCount "93"]
[EventDate "2019.??.??"]

1. e4 c5 2. Nf3 d6 3. d4 cxd4 4. Nxd4 Nf6 5. Nc3 g6 6. Bc4 Bg7 7. O-O O-O 8.
Be3 Nc6 9. Qd2 Re8 10. Rfe1 Bd7 11. Rad1 Rc8 12. Bb3 a6 13. h3 Bh8 14. a3 b5
15. a4 b4 16. Nxc6 bxc3 17. Bxf7+ Kf8 18. Bh6+ Bg7 19. Bxg7+ Kxg7 20. Qd4 Bxc6
21. Bxe8 Qxe8 22. b3 Kg8 23. e5 dxe5 24. Qxe5 Nd5 25. Rxd5 Bxd5 26. Qxd5+ Qf7
27. Qxf7+ Kxf7 28. Re3 e6 29. Kf1 Kf6 30. Ke2 e5 31. g4 h6 32. Kd3 h5 33. f3 a5
34. Re4 hxg4 35. hxg4 g5 36. Rc4 Rxc4 37. Kxc4 Ke6 38. Kxc3 Kd5 39. Kd3 Kc5 40.
c3 Kd5 41. b4 axb4 42. cxb4 Kc6 43. a5 Kb5 44. Ke4 Kxb4 45. a6 Kb5 46. a7 Kb6
47. a8=Q 1-0